| 000 | 00499pab a2200181 454500 | ||
|---|---|---|---|
| 008 | 180718b2011 xxu||||| |||| 00| 0 eng d | ||
| 100 | _aQuintelier, Ellen | ||
| 245 | _aThe effect of compulsory voting on turnout stratification patterns: A cross-national analysis | ||
| 260 | _c2011 | ||
| 300 | _ap.396-416. | ||
| 362 | _aSep | ||
| 650 | _aElections | ||
| 700 | _aMarien, Sofie | ||
| 700 | _aHooghe, Marc | ||
| 773 | _aInternational Political Science Review | ||
| 908 | _aN | ||
| 909 | _a93866 | ||
| 999 |
_c93866 _d93866 |
||